Lo specchio: rivelazioni, inganni e science fiction
Spremljeno u:
| Glavni autor: | |
|---|---|
| Format: | Knjiga |
| Jezik: | talijanski |
| Izdano: |
Milán
Adelphi
1981
|
| Teme: | |
| Oznake: |
Dodaj oznaku
Bez oznaka, Budi prvi tko označuje ovaj zapis!
|
MARC
| LEADER | 00000nam a2200000 a 4500 | ||
|---|---|---|---|
| 001 | UCT0929 | ||
| 003 | CL-VaPUC | ||
| 008 | 960913e19810000IT |||||||||||||||||ita|d | ||
| 082 | 0 | 4 | |a 748.8 |b BAL |2 21 |
| 100 | 0 | |a Baltrusaitis, Jurgis |e author |9 369537 | |
| 245 | 1 | 3 | |a Lo specchio: rivelazioni, inganni e science fiction |
| 300 | |a 327 p | ||
| 942 | |c BK | ||
| 945 | |d 19960913 00:00:00 |a nastorga | ||
| 260 | |a Milán |b Adelphi |c 1981 | ||
| 650 | 0 | |a Artes decorativas |9 266306 | |
| 650 | 7 | |a DECORACION |2 CL-VaPUC |9 358110 | |
| 650 | 7 | |a ESPEJOS |2 CL-VaPUC |9 358361 | |
| 650 | 0 | |a Museos |9 269209 | |
| 650 | 0 | |a Obras de arte |9 337253 | |
| 650 | 0 | |a Diseño arquitectónico |9 265271 | |
| 583 | |a last modification |c 19960913 00:00:00 |k Rodrigo Vera | ||
| 999 | |c 251613 |d 251611 | ||
| 952 | |0 0 |1 0 |4 0 |6 748_800000000000000_BAL_1981 |7 0 |8 P |9 270898 |a BIBARQ |b BIBARQ |d 2019-11-19 |i 3230694 |o 748.8 BAL 1981 |p 3230694 |r 2025-01-20 |w 2019-11-19 |y BK |k ARQ | ||